Drake Charting Songs (Pop Airplay) - Statistics

General Stats
  • This quiz has been taken 9 times
  • The average score is 17 of 42
Answer Stats
Album Artist(s) Peak Song % Correct
Views Drake ft. Kyla & WizKid #1 (1 Week) One Dance
100%
Scorpion Drake #4 God’s Plan
86%
Views Drake #2 Hotline Bling
86%
More Life Drake #15 Passionfruit
86%
So Far Gone Drake #10 Best I Ever Had
71%
Take Care Drake #17 Headlines
71%
Nothing Was the Same Drake ft. Majid Jordan #4 Hold On, We’re Going Home
71%
Scorpion Drake #6 In My Feelings
71%
$ome $exy $ongs 4 U Drake #10 Nokia
71%
Honestly, Nevermind Drake ft. 21 Savage #36 Jimmy Cooks
57%
X 100pre Bad Bunny ft. Drake #22 MIA
57%
Scorpion Drake #11 Nice for What
57%
Take Care Drake ft. Rihanna #8 Take Care
57%
Take Care Drake ft. Lil Wayne #25 The Motto
57%
Dark Lane Demo Tapes Drake #10 Toosie Slide
57%
ANTI Rihanna ft. Drake #8 Work
57%
Views Drake #40 Controlla
43%
More Life Drake #16 Fake Love
43%
Non-Album Single Drake ft. Lil Durk #7 Laugh Now Cry Later
43%
Nothing Was the Same Drake #40 Started From the Bottom
43%
I Never Liked You Future ft. Drake & Tems #20 Wait For U
43%
Thank Me Later Drake #8 Find Your Love
29%
Championships Meek Mill ft. Drake #40 Going Bad
29%
For All the Dogs Drake ft. Sexyy Red & SZA #37 Rich Baby Daddy
29%
Her Loss Drake & 21 Savage #36 Rich Flex
29%
Certified Lover Boy Drake ft. Future & Young Thug #21 Way 2 Sexy
29%
Scorpion Drake ft. Michael Jackson #26 Don’t Matter to Me
14%
Relapse: Refill Drake ft. Kanye West, Lil Wayne & Eminem #24 Forever
14%
Major Key DJ Khaled ft. Drake #26 For Free
14%
C, XOXO Camila Cabello ft. Drake #27 Hot Uptown
14%
We the Best Forever DJ Khaled ft. Drake, Rick Ross, & Lil Wayne #35 I’m on One
14%
High Off Life Future ft. Drake #28 Life Is Good
14%
Honestly, Nevermind Drake #22 Massive
14%
Pink Friday Nicki Minaj ft. Drake #18 Moment 4 Life
14%
Indigo Chris Brown ft. Drake #24 No Guidance
14%
Khaled Khaled DJ Khaled ft. Drake #28 Popstar
14%
God Did DJ Khaled ft. Drake & Lil Baby #31 Staying Alive
14%
Views Drake ft. Rihanna #9 Too Good
14%
The Pinkprint Nicki Minaj ft. Drake & Lil Wayne #25 Truffle Butter
14%
ILoveMakonnen ILoveMakonnen ft. Drake #23 Tuesday
14%
LOUD Rihanna ft. Drake #4 What’s My Name?
14%
Scary Hours 2 Drake #40 What’s Next
14%
No matching quizzes found
Score Distribution
Percent of People with Each Score
Percentile by Number Answered
Your Score History
You have not taken this quiz